Hormones of insects / (Record no. 1262)
[ view plain ]
| 000 -LEADER | |
|---|---|
| fixed length control field | 00657nam a22002297a 4500 |
| 001 - CONTROL NUMBER | |
| control field | BD-DhSAU 1262 |
| 003 - CONTROL NUMBER IDENTIFIER | |
| control field | BD-DhSAU |
| 005 - DATE AND TIME OF LATEST TRANSACTION | |
| control field | 20150113203708.0 |
| 008 - FIXED-LENGTH DATA ELEMENTS--GENERAL INFORMATION | |
| fixed length control field | 150113b1996 ii a|||| |||| 001 0 eng d |
| 020 ## - INTERNATIONAL STANDARD BOOK NUMBER | |
| International Standard Book Number | 8174883509 |
| 040 ## - CATALOGING SOURCE | |
| Original cataloging agency | BD-DhSAU |
| 082 ## - DEWEY DECIMAL CLASSIFICATION NUMBER | |
| Edition number | 22 |
| Classification number | 595.7 |
| Item number | SAH |
| 245 ## - TITLE STATEMENT | |
| Title | Hormones of insects / |
| Statement of responsibility, etc. | A. B. Saxena |
| 260 ## - PUBLICATION, DISTRIBUTION, ETC. (IMPRINT) | |
| Place of publication, distribution, etc. | New Delhi, India : |
| Name of publisher, distributor, etc. | Anmol publications pvt. Ltd. |
| Date of publication, distribution, etc. | 1996. |
| 300 ## - PHYSICAL DESCRIPTION | |
| Extent | v, 324 p. : |
| Other physical details | ill. ; |
| Dimensions | 22 cm. |
| 440 ## - SERIES STATEMENT/ADDED ENTRY--TITLE | |
| Title | Hormones of insects |
| Number of part/section of a work | Recent avances in entomology series-5 |
| 590 ## - Name of Cataloguer | |
| Name of Cataloger | Md. Sirajul Islam. |
| 650 ## - SUBJECT ADDED ENTRY--TOPICAL TERM | |
| Topical term or geographic name as entry element | Hormones |
| 650 ## - SUBJECT ADDED ENTRY--TOPICAL TERM | |
| Topical term or geographic name as entry element | Insects |
| 650 ## - SUBJECT ADDED ENTRY--TOPICAL TERM | |
| Topical term or geographic name as entry element | Entomolgy |
| 700 ## - ADDED ENTRY--PERSONAL NAME | |
| Personal name | Sexena, A. B. |
| 942 ## - ADDED ENTRY ELEMENTS (KOHA) | |
| Source of classification or shelving scheme | Dewey Decimal Classification |
| Koha item type | Book |
| Withdrawn status | Lost status | Source of classification or shelving scheme | Damaged status | Not for loan | Home library | Branch Name | Shelving location | Date acquired | Total Checkouts | Full call number | Barcode | Date last seen | Date checked out | Price effective from | Koha item type | Collection code |
|---|---|---|---|---|---|---|---|---|---|---|---|---|---|---|---|---|
| Dewey Decimal Classification | SAU Library | SAU Library | General Stacks | 28/06/2001 | 1 | 595.7 SAH | 29468 | 23/07/2025 | 30/06/2025 | 13/01/2015 | Book | |||||
| Dewey Decimal Classification | Not For Loan | SAU Library | SAU Library | Reference | 28/06/2001 | 595.7 SAH | 29467 | 17/05/2015 | 17/05/2015 | Book | Reference |
